KOHA-Header-6

The Luminous Life of Kapil Dev (Record no. 8958)

000 -LEADER
fixed length control field 00271nam a2200109Ia 4500
100 ## - MAIN ENTRY--AUTHOR NAME
Personal name Shyam Dua
245 #4 - TITLE STATEMENT
Title The Luminous Life of Kapil Dev
260 ## - PUBLICATION, DISTRIBUTION, ETC. (IMPRINT)
Place of publication Pakistan
Name of publisher FEP International
Year of publication 2001
300 ## - PHYSICAL DESCRIPTION
Number of Pages 415
942 ## - ADDED ENTRY ELEMENTS (KOHA)
Koha item type Books
Holdings
Withdrawn status Lost status Collection code Permanent Location Current Location Shelving location Date acquired Full call number Accession Number Koha item type
    English Literature MAJU MAJU Shelf No.A13 2019-09-14 324.243 4186 English Literature

Powered by Koha